[Event "IND-chB (Women) 35th"]
[Site "Calicut"]
[Date "2008.06.10"]
[Round "6"]
[White "Madhuri, M Patil"]
[Black "Anuprita, Patil"]
[Result "1/2-1/2"]
[WhiteElo "2022"]
[BlackElo "2062"]
[PlyCount "76"]
[EventDate "2008.06.06"]
[EventType "swiss"]
[EventRounds "11"]
[EventCountry "IND"]
[SourceTitle "CBM 124 Extra"]
[Source "ChessBase"]
[SourceDate "2008.07.03"]
[SourceVersion "1"]
[SourceVersionDate "2008.07.03"]
[SourceQuality "1"]

1. d4 Nf6 2. c4 c6 3. Nc3 d5 4. e3 e6 5. Nf3 Nbd7 6. Be2 dxc4 7. Bxc4 b5 8. Bd3 a6 9. 0-0 Bb7 10. a3 c5 11. Bc2 Be7 12. Qe2 0-0 13. Rd1 Qc7 14. h3 Rac8 15. dxc5 Nxc5 16. e4 Rfd8 17. Rxd8+ Rxd8 18. Bg5 e5 19. Rc1 Qb8 20. Bh4 Ne6 21. Bg3 Bd6 22. Rd1 Nh5 23. Bh2 Nhf4 24. Qe1 Bc7 25. Rxd8+ Qxd8 26. Qd2 Nd4 27. Nxd4 exd4 28. Bxf4 Bxf4 29. Qxf4 dxc3 30. bxc3 g6 31. Qe5 Qd2 32. Qb8+ Kg7 33. Qxb7 Qxc2 34. Qxa6 Qc1+ 35. Kh2 Qf4+ 36. Kg1 Qc1+ 37. Kh2 Qf4+ 38. Kg1 Qc1+ 1/2-1/2